000 00307nam a22001337a 4500
008 170220b xxu||||| |||| 00| 0 eng d
020 _a9781585282074
041 _aeng
080 _24ED
_a615
100 _a5
101 _aSHF
245 _aMANUAL FOR PHARMACY TECHNICIANS
_cBACHENHEIMER.S
942 _2udc
_cBK
999 _c5781
_d5781